ECONOMIC ENVIRONMENT OF BUSINESS (Record no. 24751)

MARC details
000 -LEADER
fixed length control field 00350nam a2200145Ia 4500
008 - FIXED-LENGTH DATA ELEMENTS--GENERAL INFORMATION
fixed length control field 240624s9999 xx 000 0 und d
041 ## - LANGUAGE CODE
Language code of text/sound track or separate title eng
082 ## - DEWEY DECIMAL CLASSIFICATION NUMBER
Classification number 330 PUR
100 ## - MAIN ENTRY--PERSONAL NAME
Personal name PURI V K
245 ## - TITLE STATEMENT
Title ECONOMIC ENVIRONMENT OF BUSINESS
250 ## - EDITION STATEMENT
Edition statement (8th ed.)
260 ## - PUBLICATION, DISTRIBUTION, ETC.
Date of publication, distribution, etc. 2013
Place of publication, distribution, etc. Mumbai
Name of publisher, distributor, etc. Himalaya
300 ## - PHYSICAL DESCRIPTION
Extent 740 : p. : cm. ; 26
365 ## - TRADE PRICE
Currency code RS
Price amount 31
Holdings
Withdrawn status Lost status Damaged status Not for loan Home library Current library Shelving location Date acquired Source of acquisition Cost, normal purchase price Full call number Barcode Date last seen Copy number Price effective from Koha item type
        IMTN IMTN Rack 4-B 09/24/2015 VBC 520.00 330 PUR 24751 06/24/2024 1 06/24/2024 Books
Designed & Maintained by: LRC IMT Nagpur Contact: lrc@imtnag.ac.in© 2024. All Rights Reserved.